000 00300nam a22001337a 4500
008 170727b xxu||||| |||| 00| 0 eng d
020 _a9780078210587
041 _aeng
080 _24TH
_a004
100 _a31
101 _aSHK
245 _aINTRODUCTION TO COMPUTERS
_cNORTON'S,P
942 _2udc
_cBK
999 _c22018
_d22018